[Event "81st ARM-ch 1st League 2021"]
[Site "Yerevan"]
[Date "2021.01.25"]
[Round "4.3"]
[White "Gharibyan, Mamikon"]
[Black "Harutyunian, Tigran K."]
[Result "1-0"]
[WhiteElo "2432"]
[BlackElo "2549"]
[Annotator "TA"]
[PlyCount "157"]
[EventDate "2021.01.20"]
[EventType "tourn"]
[EventCountry "ARM"]
[SourceTitle "playchess.com"]
[Source "ChessBase"]
[SourceQuality "1"]

{[%evp 9,157,14,21,16,10,16,24,19,20,16,17,14,16,10,24,16,13,0,0,0,45,50,50,22,41,48,41,22,22,25,52,35,35,43,47,-17,46,0,55,54,58,64,67,65,77,80,73,80,92,83,92,90,89,94,86,68,75,65,188,185,240,229,243,252,252,252,252,247,250,249,255,243,247,254,260,262,312,314,308,250,260,239,341,322,311,310,358,340,327,320,305,270,268,256,261,261,254,233,229,224,252,244,281,280,263,141,145,139,145,145,145,145,145,145,145,145,145,143,145,140,120,127,110,104,275,244,290,265,4120,2103,2804,2425,1760,1814,6087,5002,29960,29961,29959,29960,29964,29965,29968,29964,29973,29974,29975,29976,29975,29971]} 1. d4 Nf6 2. Nf3 g6 3. Nbd2 Bg7 4. e4 d6 5. Bb5+ c6 6. Bd3 {B07: Pirc Defence: Miscellaneous Systems.} O-O 7. O-O Nbd7 8. c3 {White has an edge.} e5 9. Re1 Re8 10. Nc4 {10.a4 gains popularity.} Qc7 11. dxe5 dxe5 {[#]} 12. Bc2 $146 ({Predecessor:} 12. a4 Nb6 13. h3 Nh5 14. Nxb6 Qxb6 15. Bc4 Be6 16. Bxe6 Rxe6 17. Qc2 Rd8 18. Be3 {½-½ (31) Wolff,T (1902)-Hufelschulte,N (2023) Nordrheinwestfalen 2012}) 12... Bf8 13. b4 {[%cal Bb2b4,Bb4b5,Bb5a6][%mdl 32]} c5 14. b5 a6 (14... Nb6 $5 {[%cal Rb6c4]} 15. Ne3 a6 $11) 15. Ba4 Nb6 16. Nxb6 Qxb6 17. bxa6 Rd8 18. Qb3 Qxb3 19. Bxb3 b5 20. Nxe5 c4 21. Bc2 Rxa6 22. Be3 ({Better is} 22. a4 $14) 22... Bb7 (22... Ng4 $11 23. Nxg4 Bxg4) 23. Bd4 Rda8 (23... Nd7 $1 $11) 24. a4 $1 $14 bxa4 25. Nxc4 {aiming for Rab1.} a3 26. Bd3 Re6 {[%cal Rb7e4]} 27. f3 Nd7 28. Reb1 Ba6 29. Bf1 Rc6 30. Ne3 Bxf1 31. Kxf1 Nc5 32. Nd5 Ne6 33. Be5 Bd6 {[#]} ({Black should try} 33... Nc5 $14) 34. Rb3 $1 $18 a2 {[#]} (34... Bc5 $142 35. Nf6+ Kf8 36. Nxh7+ Ke7 37. Rb7+ Kd8) 35. Rb2 $1 f5 (35... Rca6 36. Bxd6) 36. Rbxa2 Rxa2 37. Rxa2 fxe4 38. Bxd6 Rxd6 {[%mdl 4096] Endgame [#] KRN-KRN} 39. Nf6+ ({Much less strong is} 39. fxe4 $6 Nc5) 39... Kf8 40. Ra8+ ({Don't do} 40. fxe4 Rc6 $18) 40... Kf7 41. Nxe4 Rd7 42. g3 g5 43. Ke2 h6 44. Rh8 Kg6 45. Re8 Ng7 (45... Nd8 $142 46. Re5 Ra7) 46. Ra8 Nf5 47. Rf8 {Hoping for Rf6+.} Ne7 48. c4 Ra7 49. Rf6+ Kg7 50. Rb6 Ra2+ 51. Nd2 Ra3 52. Rb3 Ra1 53. Rb2 Ra3 54. Rb7 Kf8 55. Rd7 Rc3 56. Rd3 Rc1 57. h4 ({White should play} 57. Rd6 $18) 57... gxh4 $16 58. gxh4 Nf5 59. Rd5 Nxh4 60. Rh5 Ng6 {Threatens to win with ...Nf4+.} 61. Rxh6 Kg7 62. Rh2 Kf6 {[#]} 63. Ke3 $1 Ne5 64. Ne4+ Ke6 65. Rh6+ Kd7 66. c5 Rf1 $2 (66... Re1+ $16 {was called for.} 67. Kf4 Nd3+ 68. Kg5 Kc7) 67. Nf6+ $18 Kd8 68. f4 Nf7 $2 (68... Nc4+ 69. Ke2 Rc1) 69. Rh7 Ke7 70. Nd5+ Ke6 71. Nc7+ Kf6 72. Ne8+ Ke6 73. f5+ {White mates.} Kd5 74. Nc7+ Kxc5 75. Rxf7 Kd6 76. Ne8+ Kd5 77. Nf6+ Kd6 78. Ng4 Kd5 79. Rf8 {Weighted Error Value: White=0.10/Black=0.14} 1-0

[Event "81st ARM-ch 1st League 2021"]
[Site "Yerevan"]
[Date "2021.01.25"]
[Round "4.4"]
[White "Hayrapetyan, Hovik"]
[Black "Shahinyan, David"]
[Result "1/2-1/2"]
[WhiteElo "2488"]
[BlackElo "2452"]
[Annotator "TA"]
[PlyCount "47"]
[EventDate "2021.01.20"]
[EventType "tourn"]
[EventCountry "ARM"]
[SourceTitle "playchess.com"]
[Source "ChessBase"]
[SourceQuality "1"]

{[%evp 11,47,37,29,17,22,0,16,0,45,54,41,23,31,13,20,0,0,0,0,-8,-8,-8,-6,-24,-16,-35,-19,-37,-33,-43,-31,-33,0,0,0,0,0,10]} 1. Nf3 g6 2. e4 d6 3. d4 Nf6 4. Bd3 Bg7 5. O-O O-O 6. Nc3 c6 7. Re1 {B08: Pirc Defence: Classical System.} Bg4 8. h3 Bxf3 9. Qxf3 e5 10. dxe5 dxe5 11. Be3 Nbd7 12. Rad1 {[#]} b5 $146 ({Predecessor:} 12... Qc7 13. Bc4 Nb6 14. Bb3 Rad8 15. Rxd8 Rxd8 16. Bg5 Qe7 17. Na4 Nxa4 18. Bxa4 Qb4 {0-1 (53) Dao,T-Vu Thi Dieu,U Vung Tau 2008}) 13. Rd2 Qe7 14. Red1 Nc5 15. Bxc5 Qxc5 16. Bf1 Qe7 17. Qe3 Rfc8 18. a4 a6 19. Be2 Bf8 20. Bg4 Rc7 21. Bf3 Qc5 22. Qxc5 {The position is equal.} Bxc5 23. Rd8+ Rxd8 24. Rxd8+ {Weighted Error Value: White=0.10/Black=0.06} 1/2-1/2

[Event "81st ARM-ch 1st League 2021"]
[Site "Yerevan"]
[Date "2021.01.25"]
[Round "4.5"]
[White "Danielyan, Vahe"]
[Black "Yeremyan, Alen"]
[Result "1/2-1/2"]
[WhiteElo "2357"]
[BlackElo "2274"]
[Annotator "TA"]
[PlyCount "152"]
[EventDate "2021.01.20"]
[EventType "tourn"]
[EventCountry "ARM"]
[SourceTitle "playchess.com"]
[Source "ChessBase"]
[SourceQuality "1"]

{[%evp 16,152,12,9,20,22,36,39,45,0,0,0,27,30,64,38,80,67,96,95,108,107,215,118,112,115,104,104,102,70,75,63,93,37,56,-16,68,-7,82,91,175,182,183,185,332,86,81,0,6,0,0,0,0,0,0,0,0,-6,0,-46,0,0,0,0,0,0,0,0,0,0,0,0,0,0,9,9,11,0,0,0,23,33,45,45,45,45,43,43,43,35,43,34,55,43,68,45,45,45,45,43,97,111,153,153,153,153,153,29,37,27,168,43,118,103,153,153,153,123,123,43,43,43,43,43,43,43,43,43,43,43,43,43,43,43,43,43,43,43,43]} 1. e4 c5 2. Nc3 Nc6 3. Bb5 Nd4 4. Nf3 e6 5. O-O a6 6. Bd3 Ne7 7. Nxd4 cxd4 8. Ne2 Nc6 9. c3 Bc5 {B30: Sicilian: 2...Nc6 3 Bb5, lines without ...g6.} 10. b4 Bb6 11. cxd4 d5 12. e5 Nxd4 13. Bb2 {[#]} Nxe2+ $146 ({Predecessor:} 13... Nc6 14. a3 Bd7 15. Kh1 d4 16. f4 Ne7 17. Ng3 Bb5 18. Qe2 Qd5 19. Rac1 Nf5 {0-1 (36) Garcia Melgar,J (2225)-De la Riva Aguado,O (2480) Ponferrada 1997}) 14. Qxe2 Qh4 {[#]} 15. Bb5+ $1 Ke7 (15... Kf8 16. Bd3) 16. Bd3 Bd7 17. a4 Rhc8 (17... Qxb4 $2 18. Ba3 $18) 18. g3 Qh3 (18... Qxb4 $2 19. Ba3 $18) (18... Qg5 $16 {was necessary.}) 19. b5 (19. a5 $1 $18 {[%cal Ra5b6]} Bd8 20. b5) 19... a5 $16 20. Ba3+ Ke8 21. Bd6 Bc5 22. Bxc5 (22. Rac1 {is interesting.} Bb6 23. Rb1 Bc5 24. Rfc1 Bb6 25. Qd1) 22... Rxc5 23. b6 Rac8 {[#]} 24. Qe3 ({White should play} 24. Ba6 $1 $16 {[%cal Ra6b7]}) 24... Qg4 25. f3 {[#]} (25. f4 $14) 25... Qh5 (25... d4 $1 $11 26. Qf2 (26. fxg4 dxe3 27. dxe3 Rxe5 $17) (26. Qh6 gxh6) 26... Qg5) 26. Qd4 (26. f4 $14) 26... g6 {[#]} (26... Qg5 $11 {remains equal.} 27. f4 (27. Bxh7 $2 Rc4 $19) 27... Qe7) 27. Ba6 $1 Rc2 (27... Qf5 $16) 28. Bxb7 $18 R8c4 29. Qe3 d4 (29... R4c3 $142 30. Qe2 (30. Qxc3 Rxc3 31. dxc3 Qxe5 $16) 30... Qh6) 30. Qe1 $2 (30. Qd3 $1 $18) 30... Rb4 $16 31. f4 (31. Be4 $16 Rcb2 32. b7 Qxe5 33. f4) 31... Rxb6 $11 32. Bf3 Qh6 33. Be4 Rcb2 34. Qf2 Qf8 35. Qxd4 Qb4 36. Qxb4 R2xb4 37. Rfb1 Ke7 38. Kf2 Rxb1 39. Bxb1 {[%mdl 4096] Endgame KRB-KRB} Rb4 40. Bc2 Rb2 41. Rc1 Ra2 42. Ke3 Bxa4 43. Bd3 Bd7 44. Rc7 {Hoping for Bb5.} Rb2 45. Ra7 a4 46. g4 Rb3 47. Kd4 Ke8 48. Bc4 Rb8 49. h3 Rd8 50. Kc3 Rc8 51. d3 h6 52. Kd4 Rd8 53. Ke3 Rc8 54. h4 Rb8 55. h5 gxh5 56. gxh5 Rc8 57. Ra6 Rb8 (57... Ke7 $14) 58. f5 $16 {[%cal Rf5e6]} Ke7 59. f6+ Ke8 60. Ra7 Rc8 61. Ke4 (61. Ba6 $1 $16 {[%cal Ra6c8]} Rb8 62. Bb7) 61... Bc6+ $11 62. Kd4 Bd7 (62... Kf8 $11 {and Black stays safe.}) 63. Kc3 (63. Ba6 $1 $18 {[%cal Ra6c8]} Rd8 64. Kc5) 63... Rb8 ({Better is} 63... Kd8 $14) 64. d4 $16 Rc8 {[#] Threatens to win with ...Bb5.} 65. Kd3 $1 Bc6 66. Kd2 Kf8 {[#]} 67. Bd3 (67. Ra6 $1 $16) 67... Ra8 $1 $14 {[%cal Ra8a7] White is slightly better.} 68. Rxa8+ Bxa8 {KB-KB} 69. Kc3 Bf3 70. Kb4 Bxh5 {...Bd1 is the strong threat.} 71. Kxa4 Bf3 72. Kb4 Bd5 73. Kc3 Kg8 74. Kd2 Bf3 75. Ke3 Bd1 76. Be4 Bg4 {Weighted Error Value: White=0.20/Black=0.20} 1/2-1/2

[Event "81st ARM-ch 1st League 2021"]
[Site "Yerevan"]
[Date "2021.01.25"]
[Round "4.6"]
[White "Mikaelyan, Arman"]
[Black "Barseghyan, Armen Ar."]
[Result "1/2-1/2"]
[WhiteElo "2485"]
[BlackElo "2362"]
[Annotator "TA"]
[PlyCount "78"]
[EventDate "2021.01.20"]
[EventType "tourn"]
[EventCountry "ARM"]
[SourceTitle "playchess.com"]
[Source "ChessBase"]
[SourceQuality "1"]

{[%evp 9,78,6,4,-5,7,-12,-3,-16,0,4,23,14,52,39,50,38,41,40,44,6,16,18,27,-14,0,0,0,0,0,-31,-33,-45,-10,-24,0,0,0,-21,-14,-35,-43,-52,-50,-70,-62,-78,-48,-55,-61,-91,-52,-87,-55,-122,-8,-8,-8,-13,0,0,0,0,0,0,0,0,0,0,0,0,0]} 1. d4 Nf6 2. Bg5 d5 3. e3 c5 4. Bxf6 gxf6 5. dxc5 Nc6 6. Bb5 {D00: 1 d4 d5: Unusual lines.} e6 7. c4 {7.Nf3 is vanishing.} dxc4 8. Nd2 (8. Qe2 {is interesting.} Qd3 9. Nf3 Qxe2+ 10. Kxe2 Bxc5 11. Rd1) 8... Bxc5 9. Ngf3 c3 (9... Bd7 {with more complications.} 10. Rc1 f5 11. Bxc4 Bb6 12. O-O Qe7) 10. bxc3 a6 {[#]} 11. Bxc6+ $146 ({Predecessor:} 11. Bc4 Be7 12. Qe2 Bd7 13. Nb3 Rc8 14. O-O Na5 15. Nxa5 Qxa5 16. Rfd1 b5 17. Bb3 Rxc3 {0-1 (33) Pronk,S (2062)-Kasioumis,V (2257) Prague 2020}) 11... bxc6 12. O-O Be7 13. Qa4 Qc7 14. Qg4 Kf8 $1 15. Qh5 h6 16. Ne4 c5 17. Ng3 Bb7 18. Rad1 Bc6 19. Nd2 Rb8 20. Rb1 Kg7 (20... Rd8 $5 {[%cal Rd8d2]} 21. Rfd1 f5 $15) 21. Qe2 Bb5 22. c4 Bc6 23. Nh5+ Kh7 24. Qd3+ f5 $1 25. Rxb8 Qxb8 26. Rb1 {[#]} Rd8 27. Rxb8 Rxd3 28. Rb2 Rc3 {Strongly threatening ...Rc1+.} 29. Kf1 Rc1+ 30. Ke2 Bxg2 31. Nf4 {[#]} (31. Rb6 $1 $15) 31... Bc6 ({Black should play} 31... Bf6 $1 $17 32. Rb6 Be4 33. Rxa6 Bc3) 32. Rb6 $11 {The position is equal.} Ba4 33. Rb7 Bd1+ (33... Bg5 {keeps more tension.} 34. Nxe6 Bf6 35. Nb3 Rxc4 36. Kd2 Bb5) 34. Kd3 Bc2+ 35. Ke2 Bd1+ 36. Kd3 Bc2+ 37. Ke2 Bd1+ 38. Kd3 Bc2+ 39. Ke2 Bd1+ {Weighted Error Value: White=0.12/Black=0.12} 1/2-1/2

[Event "81st ARM-ch 1st League 2021"]
[Site "Yerevan"]
[Date "2021.01.25"]
[Round "4.7"]
[White "Davtyan, Artur"]
[Black "Babujian, Levon"]
[Result "0-1"]
[WhiteElo "2466"]
[BlackElo "2440"]
[Annotator "TA"]
[PlyCount "76"]
[EventDate "2021.01.20"]
[EventType "tourn"]
[EventCountry "ARM"]
[SourceTitle "playchess.com"]
[Source "ChessBase"]
[SourceQuality "1"]

{[%evp 12,76,64,68,77,84,59,55,80,98,172,164,153,121,115,121,77,100,97,92,126,-41,-35,-35,-25,-8,0,-61,135,136,166,133,131,57,68,57,62,-27,-26,-16,-13,-72,-46,-212,-210,-241,-237,-222,-221,-217,-193,-255,-162,-972,-964,-956,-958,-891,-712,-918,-568,-855,-783,-1303,-1282,-29998,-29999]} 1. d4 Nf6 2. c4 e6 3. Nf3 c5 4. d5 b5 5. dxe6 fxe6 6. cxb5 d5 {6...a6 injects fresh life into this line.} 7. Nc3 Nbd7 {E10: Blumenfeld Gambit.} 8. e4 $1 {[%cal Re4d5]} d4 9. Na4 Nxe4 {White is slightly better.} 10. Bd3 {[#]} Ndf6 $146 (10... Qa5+ $16 11. Nd2 Nef6) ({Predecessor:} 10... Qa5+ 11. Nd2 Nef6 12. O-O Qc7 13. Ne4 Bd6 14. Qf3 Rb8 15. Nxd6+ Qxd6 16. Qc6 Ke7 {0-1 (38) Vrolijk,L (2437)-Semjonovs,I (2245) Porto Carras 2018}) 11. O-O $18 Qd5 12. Re1 Bb7 13. Qc2 Bd6 14. b4 cxb4 15. Bc4 Qf5 16. Bb2 $2 (16. Nxd4 $16 Qh5 17. h3) 16... O-O $15 17. Nxd4 Qh5 18. h3 {Black must now prevent Rad1.} Kh8 19. Nxe6 (19. Qe2 $11) 19... Ng5 $2 (19... Qh4 $1 $15 {stays ahead.} 20. Bd4 (20. Nxf8 $2 Rxf8 21. Bd3 Qf4 $19) 20... Rfe8) 20. Qd3 $1 $16 {[%cal Rd3d6]} (20. Nxf8 $2 Nxh3+ 21. gxh3 Qg5+ 22. Kf1 Qg2+ 23. Ke2 Qf3+ 24. Kf1 Qxh3+ 25. Ke2 Bf3+ 26. Kd2 Bf4+ 27. Re3 Bxe3+ 28. Ke1 Qh1+ 29. Bf1 Bxf2+ $1 {[%mdl 512]} 30. Kxf2 Qh2+ 31. Kxf3 Qxc2 $19) 20... Nxe6 21. Qxd6 Ng5 {[#] Strongly threatening ...Bxg2!} 22. Re3 (22. Qg3 $1 $16 {aiming for Re7.} Nfe4 {[#]} 23. Rxe4 $1 Bxe4 24. h4) 22... Qh4 $14 {...Nh5 is the strong threat.} 23. Qd4 Nge4 24. Rf1 ({White should try} 24. Rd3 $1 $14 Nh5 25. Rf1) 24... Rfd8 $40 {[%mdl 128] Black has some attack.} 25. Qe5 {Hoping for Bd3.} Nd2 $1 {[%csl LRc4,LRf1][%mdl 64] Double Attack} 26. Be2 (26. Qe7 $1 $11 {remains equal.} Rd7 27. Bxf6 Qxc4 28. Qe8+ Rxe8 29. Rxe8+ Qg8 30. Rxg8+ Kxg8 31. Nc5) 26... Nxf1 $17 27. Kxf1 (27. Bxf1 $15 Re8 28. Qc7 Rxe3 29. fxe3) 27... Re8 $19 ({But not} 27... Rd2 28. Qc7 $17) 28. Qg3 Qxg3 29. Rxg3 Rac8 30. Bd3 Re7 31. Rg5 (31. a3 {was the only defense.}) 31... Nd5 {And now ...Nf4 would win.} 32. Rh5 $2 (32. Rf5) 32... Nf4 {[%mdl 64] Discovered Attack} 33. Rxh7+ Kg8 34. Bf5 Rf8 35. Bc2 Nxg2 {[%csl Gg2][%cal Re7e1]} 36. Kg1 Ne1 37. Bb1 Nf3+ 38. Kf1 Re1+ {[%mdl 64] Double Attack. What a bad dream for White.  Weighted Error Value: White=0.93/Black=0.40} 0-1

[Event "81st ARM-ch 1st League 2021"]
[Site "Yerevan"]
[Date "2021.01.26"]
[Round "5.1"]
[White "Babujian, Levon"]
[Black "Sargsyan, Anna M."]
[Result "1-0"]
[WhiteElo "2440"]
[BlackElo "2402"]
[Annotator "TA"]
[PlyCount "49"]
[EventDate "2021.01.20"]
[EventType "tourn"]
[EventCountry "ARM"]
[SourceTitle "playchess.com"]
[Source "ChessBase"]
[SourceQuality "1"]

{[%evp 22,49,-8,-8,-2,-55,-39,-27,-37,-40,-32,-65,-55,-56,-51,-77,23,23,23,23,16,24,487,473,706,706,691,0,684,683]} 1. d4 d5 2. c4 c6 3. Nc3 Nf6 4. Nf3 dxc4 5. a4 Bf5 6. e3 e6 7. Bxc4 Bb4 8. O-O Nbd7 9. Nh4 O-O 10. Nxf5 exf5 11. Qc2 g6 12. f3 Rc8 {[#] D18: Slav Defence: 5 a4 Bf5 6 e3.} 13. a5 $146 (13. Qb3 $11 a5 14. Na2) ({Predecessor:} 13. Kh1 c5 14. Ba2 Qb6 15. dxc5 Bxc5 16. e4 fxe4 17. a5 Qc6 18. Bh6 exf3 19. Bxf8 fxg2+ 20. Qxg2 Qxg2+ 21. Kxg2 Rxf8 {1-0 (39) Adhiban,B (2627)-Solak,D (2622) Biel 2015}) 13... Bxa5 $15 14. e4 Bb6 {Black has an edge.} 15. exf5 Ne5 16. Bb3 Qxd4+ 17. Kh1 Qd3 $1 {[%cal Rd3f1] [#]} 18. Bg5 Nd5 (18... Qxc2 $17 19. Bxc2 Nd5) 19. Qxd3 $11 Nxd3 20. Bxd5 cxd5 21. Nxd5 Nf2+ $2 {[%mdl 8192] [#]} (21... f6 $11 {and Black has nothing to worry.} 22. Nxf6+ (22. Bxf6 Nf2+ 23. Rxf2 Bxf2 $14) 22... Kg7) 22. Rxf2 $1 $18 {[%mdl 512] Strongly threatening Ne7+.} Bxf2 (22... f6 $142 23. Nxb6 (23. Nxf6+ Rxf6 24. Bxf6 Bxf2 $16) 23... axb6) 23. Ne7+ Kg7 24. f6+ Kh8 25. Bh6 {[%csl Gf6][%cal Rh6g7] Weighted Error Value: White=0.13/Black=0.81} 1-0

[Event "81st ARM-ch 1st League 2021"]
[Site "Yerevan"]
[Date "2021.01.26"]
[Round "5.2"]
[White "Barseghyan, Armen Ar."]
[Black "Davtyan, Artur"]
[Result "1/2-1/2"]
[WhiteElo "2362"]
[BlackElo "2466"]
[Annotator "TA"]
[PlyCount "96"]
[EventDate "2021.01.20"]
[EventType "tourn"]
[EventCountry "ARM"]
[SourceTitle "playchess.com"]
[Source "ChessBase"]
[SourceQuality "1"]

{[%evp 16,96,13,10,28,3,10,6,16,5,0,0,1,-12,0,-20,-20,-93,-95,-85,-81,-77,-94,-96,-96,-106,-86,-114,-110,-113,-112,-109,-98,-105,-49,-43,-51,-54,-43,-34,-32,-35,16,-30,0,-35,-25,-25,0,0,0,0,0,-19,-26,-23,-34,-43,-47,-619,-568,-508,-402,-382,0,0,0,0,0,0,0,0,17,15,18,0,0,1,4,0,59,16,17]} 1. e4 c5 2. d3 Nc6 3. f4 g6 4. Nf3 Bg7 5. g3 d6 6. Bg2 e6 7. O-O Nge7 8. c3 O-O 9. Be3 a6 {B20: Sicilian: Unusual White 2nd moves.} 10. d4 cxd4 11. cxd4 b5 12. Bf2 Bb7 13. Nc3 {[#]} Na5 $146 {Black wants to play ...b4.} ({Predecessor:} 13... Qd7 14. Re1 Rac8 15. a4 b4 16. Na2 a5 17. Nc1 h6 18. Nb3 Ra8 19. Nfd2 Qd8 {½-½ (75) Knezevic,B (2360)-Chomet,P (2360) Argenteuil 1997}) 14. Qd3 Qd7 15. a3 Nc4 16. b3 {[#]} (16. Qe2 $11 {keeps the balance.}) 16... Nxa3 $1 $17 {[%mdl 64] Remove Defender, Decoy} 17. Rxa3 {And now b4 would win.} (17. d5 b4) 17... b4 $1 {[%csl LRa3,LRc3][%mdl 64] Double Attack} 18. Ra2 {[%cal Ba3a2,Ba2c2,Bc2c3,Bc3b3,Bb3b6][%mdl 32]} bxc3 19. Rc1 Qb5 20. Ne1 Qxb3 21. Rac2 Bc6 22. Rxc3 Qb7 23. Rb3 Qd7 24. Bh3 f5 (24... Bb5 $17 25. Qd2 f5) 25. d5 $1 $15 {[%cal Rd5c6]} exd5 26. exf5 Bb5 27. Qd2 Bc4 28. Rb6 gxf5 (28... Rfb8 $15 29. Nf3 Nxf5) 29. Nf3 Rab8 30. Rcb1 Rxb6 31. Rxb6 Bb5 32. Bf1 Rc8 33. Bxb5 axb5 34. Qb4 Qe6 35. Qxb5 {aiming for Ng5.} h6 36. Rb7 Qe4 37. Nd2 {[%mdl 8192]} (37. Rb8 $15) 37... Rc1+ $19 38. Nf1 {Hoping for Qe8+.} Kh7 39. Rd7 Rc2 $2 (39... Bf6 $19 40. Ra7 Rb1) 40. Qb1 $1 $11 {Black must now prevent Rxe7!} Bf6 (40... Qe2 $5 41. Qe1 $8 Qxe1 42. Bxe1 Bd4+ 43. Kh1 Re2 $11) 41. Ne3 Rc5 42. Qxe4 dxe4 43. Rxd6 Bg7 44. Rd7 Bf6 45. g4 {Strongly threatening Nxf5.} Kg6 46. Rd6 {gxf5+ is the strong threat.} Kf7 47. gxf5 Rc6 (47... h5 $11) 48. Rd7 Ke8 {Weighted Error Value: White=0.30/Black=0.20} 1/2-1/2

[Event "81st ARM-ch 1st League 2021"]
[Site "Yerevan"]
[Date "2021.01.26"]
[Round "5.3"]
[White "Yeremyan, Alen"]
[Black "Mikaelyan, Arman"]
[Result "0-1"]
[WhiteElo "2274"]
[BlackElo "2485"]
[Annotator "TA"]
[PlyCount "82"]
[EventDate "2021.01.20"]
[EventType "tourn"]
[EventCountry "ARM"]
[SourceTitle "playchess.com"]
[Source "ChessBase"]
[SourceQuality "1"]

{[%evp 32,82,0,0,0,0,0,0,0,0,0,0,0,0,0,-9,-12,-36,-23,-58,-38,-75,-68,-161,-159,-182,-43,-177,-153,-179,-106,-108,-110,-375,-387,-560,-522,-858,-979,-948,-992,-813,-770,-2757,-2421,-1134,-627,-574,-531,-29984,-29985,-29997,-29989]} 1. g3 g6 2. Bg2 Bg7 3. d3 c5 4. Nf3 Nc6 5. Ng1 Nb8 6. Nf3 Nc6 7. Ng1 Nb8 8. Nf3 Nc6 9. O-O Nf6 10. c4 O-O 11. Nc3 a6 12. a3 Rb8 13. Rb1 b5 14. cxb5 axb5 15. b4 cxb4 16. axb4 d5 17. Bf4 Rb6 {A38: Symmetrical English vs ...g6: 4 Bg2 Bg7 5 Nf3 Nf6.} 18. Ne5 Nxe5 19. Bxe5 d4 {The position is equal.} 20. Bxf6 exf6 (20... dxc3 $6 21. Bxg7 Kxg7 22. Qc2 $16) 21. Ne4 f5 22. Nc5 f4 {[#]} 23. Qb3 $146 ({Predecessor:} 23. Qd2 fxg3 24. hxg3 h5 25. Ra1 h4 26. Ra7 hxg3 27. fxg3 Rf6 28. Rxf6 Qxf6 29. Qf4 Qxf4 30. gxf4 Bh6 31. Bc6 Bxf4 32. Bxb5 Bd2 33. Bc4 Bxb4 {½-½ (49) Ravi,L (2325)-Hegde,R (2345) Coimbatore 1987}) 23... fxg3 24. fxg3 Qe7 25. Bd5 Kh8 ({Much worse is} 25... Qxe2 26. Rbe1 $14) 26. Qb2 f5 27. Qd2 ({White should try} 27. Ra1 $15) 27... g5 $1 $19 28. Ra1 Bh6 (28... g4 $19 29. Kh1 Rh6) 29. Ra8 (29. g4 $1 $15) 29... g4 30. Qa2 Be3+ (30... Rbf6 $19 31. Kh1 Be3) 31. Kg2 $17 {[#]} Rh6 $1 {Strongly threatening ...Qg5.} 32. h4 {[%mdl 8192] [#]} (32. Ne6 $17 Re8 33. Nf4) 32... gxh3+ $1 $19 33. Kh1 (33. Kh2 $142 f4 34. g4) 33... Rg6 34. Rf3 f4 35. Ne4 fxg3 36. Nxg3 Rxf3 37. exf3 Qc7 38. Ne2 h2 39. f4 Qd8 {( -> ...Rg1+)} 40. Bg2 {[#]} Rxg2 $1 {[%mdl 576] Remove Defender, Decoy, Promotion} 41. Kxg2 (41. Rxc8 Qxc8) 41... Bb7+ {[%mdl 64] Decoy.  Weighted Error Value: White=0.86/Black=0.22} 0-1

[Event "81st ARM-ch 1st League 2021"]
[Site "Yerevan"]
[Date "2021.01.26"]
[Round "5.4"]
[White "Shahinyan, David"]
[Black "Danielyan, Vahe"]
[Result "1-0"]
[WhiteElo "2452"]
[BlackElo "2357"]
[Annotator "TA"]
[PlyCount "73"]
[EventDate "2021.01.20"]
[EventType "tourn"]
[EventCountry "ARM"]
[SourceTitle "playchess.com"]
[Source "ChessBase"]
[SourceQuality "1"]

{[%evp 13,73,16,48,48,73,69,72,49,65,64,78,83,116,108,101,85,91,39,29,22,93,96,100,101,148,149,175,143,220,211,286,218,231,235,229,156,161,156,156,156,157,162,173,172,172,170,176,169,220,214,208,194,188,185,214,207,209,206,545,538,520,522]} 1. e4 Nf6 2. e5 Nd5 3. d4 d6 4. Nf3 g6 5. Bc4 Nb6 6. Bb3 Bg7 7. a4 {7.Qe2 gains popularity.} a5 8. exd6 {B04: Alekhine's Defence: 4 Nf3.} cxd6 9. O-O O-O 10. h3 {White is better.} Bf5 11. Re1 Nc6 12. Na3 {[%cal Bb1a3,Ba3b5,Bb5d6,Bd6f7][%mdl 32] [#]} Rc8 $146 ({Predecessor:} 12... d5 13. c3 h6 14. Nb5 g5 15. h4 g4 16. Ne5 e6 17. Nxg4 Qxh4 18. Nh2 Rfd8 {1-0 (52) Olofsson,D (2523)-Johansen,J (2357) ICCF email 2009}) 13. c3 d5 14. Bf4 h6 15. Nh4 ({White should try} 15. Bh2 $16) 15... Bd7 $14 16. Bg3 e6 (16... e5 $1 $11 {remains equal.}) 17. Nb5 $16 Ne7 18. Nd6 Rb8 {[#]} 19. Bc2 $1 f5 20. Nf3 Kh7 (20... Nxa4 $16 21. Bxa4 f4) 21. Ne5 Ng8 22. Ndf7 Qe7 23. Nxd7 Nxd7 24. Bxb8 Rxb8 25. Ne5 Nxe5 26. dxe5 Qc7 27. Bd3 Ne7 28. Kh1 Rd8 29. Qe2 g5 30. g4 d4 (30... Qc6 $142 31. gxf5 exf5) 31. gxf5 $18 exf5 32. Qf3 dxc3 33. Rac1 ({Much less strong is} 33. Bxf5+ $6 Kh8 $16) 33... Bxe5 34. Bxf5+ Kg7 {And now ...Rf8 would win.} 35. Bb1 (35. bxc3 Rf8 $17) 35... Rd2 $2 (35... b6 {is a better chance.} 36. bxc3 Qc6 37. Qxc6 Nxc6) 36. Rxc3 Bxc3 {[#]} 37. Rxe7+ $1 {[%mdl 512] Weighted Error Value: White=0.10/Black=0.31} 1-0